Online
Catalog

La presencia española en paises de fuerte crecimiento: China e India. / (Record no. 12004)

MARC details
000 -CABECERA
campo de control de longitud fija 00712nam a2200217 a 4500
001 - NÚMERO DE CONTROL
campo de control 000012347
005 - FECHA Y HORA DE LA ÚLTIMA TRANSACCIÓN
campo de control 20200929163018.0
008 - DATOS DE LONGITUD FIJA--INFORMACIÓN GENERAL
campo de control de longitud fija 091111s2006 sp 000 0 spa d
082 ## - NÚMERO DE LA CLASIFICACIÓN DECIMAL DEWEY
Número de clasificación xxx
Número de documento/Ítem B982p
040 ## - FUENTE DE LA CATALOGACIÓN
Centro catalogador/agencia de origen DO-SdBNP
100 1# - ENTRADA PRINCIPAL--NOMBRE DE PERSONA
Nombre de persona Bustelo, Pablo
9 (RLIN) 29017
245 13 - MENCIÓN DE TÍTULO
Título La presencia española en paises de fuerte crecimiento: China e India. /
Mención de responsabilidad, etc. Pablo Bustelo, Luis Cacho, Juan José Zaballa.
260 ## - PUBLICACIÓN, DISTRIBUCIÓN, ETC.
Lugar de publicación, distribución, etc. Madrid :
Nombre del editor, distribuidor, etc. Círculo de Empresarios,
Fecha de publicación, distribución, etc. 2006.
300 ## - DESCRIPCIÓN FÍSICA
Extensión 228 p. ;
Dimensiones 23 cm.
490 1# - MENCIÓN DE SERIE
Mención de serie Monografía
Designación de volumen o secuencia n. 13
500 ## - NOTA GENERAL
Nota general Bibliografía : p. 226-228
700 1# - PUNTO DE ACCESO ADICIONAL--NOMBRE DE PERSONA
Nombre de persona Bustelo, Pablo
9 (RLIN) 29017
700 1# - PUNTO DE ACCESO ADICIONAL--NOMBRE DE PERSONA
Nombre de persona Cacho, Luis
9 (RLIN) 29018
700 1# - PUNTO DE ACCESO ADICIONAL--NOMBRE DE PERSONA
Nombre de persona Zaballa, Juan José
9 (RLIN) 29019
830 #0 - PUNTO DE ACCESO ADICIONAL DE SERIE-TÍTULO UNIFORME
Título uniforme Monografía
Designación de volumen o secuencia n. 13
9 (RLIN) 4914
Holdings
Estado de retiro Estado de pérdida Restricciones de uso No para préstamo Código de colección Localización permanente Ubicación/localización actual Ubicación en estantería Fecha de adquisición Número de inventario Total de préstamos Signatura topográfica completa Código de barras Fecha visto por última vez Precio válido a partir de Tipo de ítem Koha
        Monografías: Libros y Folletos Patrimonio Dominicano Patrimonio Dominicano Orden iniciada 11.11.2009 LF1   xxx B982p 12347-10 25.06.2020 25.06.2020 No se presta
        Monografías: Libros y Folletos Patrimonio Dominicano Patrimonio Dominicano Orden iniciada 11.11.2009 LF1   xxx B982p 12348-10 25.06.2020 25.06.2020 No se presta
        Monografías: Libros y Folletos Patrimonio Dominicano Patrimonio Dominicano Orden iniciada 11.11.2009 LF1   xxx B982p 12348-20 25.06.2020 25.06.2020 No se presta

Powered by Koha